[Event "ISL-ch"]
[Site "Hafnarfjordur"]
[Date "1988.??.??"]
[Round "7"]
[White "Jonasson, Benedikt"]
[Black "Olafsson, David"]
[Result "1-0"]
[WhiteElo "2345"]
[BlackElo "2325"]
[PlyCount "97"]
[EventDate "1988.??.??"]
[EventType "tourn"]
[EventRounds "11"]
[EventCountry "ISL"]
[EventCategory "4"]
[SourceTitle "EXT 2004"]
[Source "ChessBase"]
[SourceDate "2003.11.25"]
[SourceVersion "1"]
[SourceVersionDate "2003.11.25"]
[SourceQuality "1"]

1. Nf3 Nf6 2. c4 g6 3. Nc3 Bg7 4. d4 0-0 5. e4 d6 6. Be3 Nc6 7. Be2 e5 8. dxe5 Nxe5 9. Nxe5 dxe5 10. Qc2 Nd7 11. 0-0 c6 12. c5 Qe7 13. b4 Nf6 14. h3 Ne8 15. Bc4 Kh8 16. Rad1 Nc7 17. f4 f5 18. fxe5 Bxe5 19. Bh6 Rd8 20. Rxd8+ Qxd8 21. Ne2 Qf6 22. Qd2 Be6 23. Bg5 Qf7 24. Bd3 Qd7 25. exf5 gxf5 26. Qc2 Rf8 27. Nf4 Qg7 28. Bh4 Bxf4 29. Rxf4 Nd5 30. Rf3 Nxb4 31. Qd2 Nxd3 32. Qxd3 Bd5 33. Bf2 Be4 34. Qd6 Rf6 35. Qd8+ Rf8 36. Qd2 Bxf3 37. Bd4 Rf6 38. Qb2 Kg8 39. Bxf6 Qg6 40. Kh2 Bd5 41. Be5 b5 42. cxb6 axb6 43. Bg3 c5 44. Qe5 Qe6 45. Qb8+ Kg7 46. Be5+ Kh6 47. Qc7 Qg6 48. Bf4+ Kh5 49. g4+ 1-0

[Event "Reykjavik op"]
[Site "Reykjavik"]
[Date "1988.??.??"]
[Round "?"]
[White "Olafsson, David"]
[Black "Arnason, Throstur"]
[Result "1-0"]
[WhiteElo "2285"]
[BlackElo "2235"]
[PlyCount "53"]
[EventDate "1988.02.??"]
[EventType "swiss"]
[EventRounds "11"]
[EventCountry "ISL"]
[SourceTitle "TD"]
[Source "ChessBase"]
[SourceDate "1994.03.01"]
[SourceVersion "1"]
[SourceVersionDate "1994.03.01"]
[SourceQuality "1"]

1. e4 e6 2. d4 d5 3. e5 c5 4. c3 Nc6 5. Nf3 Qb6 6. Be2 Nge7 7. dxc5 Qc7 8. 0-0 Nxe5 9. Nxe5 Qxe5 10. b4 Bd7 11. Re1 Qc7 12. a4 g6 13. Bg5 Bg7 14. Qd2 h6 15. Be3 Kf8 16. Na3 a5 17. Nb5 Qd8 18. Ra3 e5 19. Nd6 axb4 20. cxb4 d4 21. Qa2 Be6 22. Bc4 Qd7 23. Bxd4 exd4 24. Rxe6 fxe6 25. Bxe6 Qd8 26. Bd7 Nd5 27. Qxd5 1-0